Planting for future sustainability (Record no. 117608)

MARC details
000 -LEADER
fixed length control field 01028cam a2200217 4500
001 - CONTROL NUMBER
control field WB4025-10
008 - FIXED-LENGTH DATA ELEMENTS--GENERAL INFORMATION
fixed length control field 040629n2004 000 0 eng u
035 ## - SYSTEM CONTROL NUMBER
System control number (Sirsi) u126625
245 ## - TITLE STATEMENT
Title Planting for future sustainability
260 ## - PUBLICATION, DISTRIBUTION, ETC.
Date of publication, distribution, etc. 2004
490 ## - SERIES STATEMENT
Series statement RICS News Service
Volume/sequential designation 25 June 2004 (1)
520 ## - SUMMARY, ETC.
Summary, etc. Overview of a report from Brussels which looks at the long-term vision for European plant biotechnology towards 2025. http://europa.eu.int/rapid/pressReleasesAction.do? reference=IP/04/801&format=HTML&aged=0&language=EN &guiLanguage=en. The report highlights how advances in plant genomics and biotechnology can help Europe address the challenges of the growth of the world population from six to nine billion over the next 50 years. http://www.rics.org/ricscms/bin/show?class=News&te mplate=/includes/shownews.html&id=9305
590 ## - LOCAL NOTE (RLIN)
Local note WB
590 ## - LOCAL NOTE (RLIN)
Local note WB
650 ## - SUBJECT ADDED ENTRY--TOPICAL TERM
Topical term or geographic name entry element Sustainability
9 (RLIN) 6271
650 ## - SUBJECT ADDED ENTRY--TOPICAL TERM
Topical term or geographic name entry element EUROPE
650 ## - SUBJECT ADDED ENTRY--TOPICAL TERM
Topical term or geographic name entry element PLANT GENOMICS
650 ## - SUBJECT ADDED ENTRY--TOPICAL TERM
Topical term or geographic name entry element BIOTECHNOLOGY
690 ## - LOCAL SUBJECT ADDED ENTRY--TOPICAL TERM (OCLC, RLIN)
Topical term or geographic name as entry element EUROPE
942 ## - ADDED ENTRY ELEMENTS (KOHA)
Suppress in OPAC 0
Holdings
Withdrawn status Lost status Source of classification or shelving scheme Damaged status Not for loan Home library Current library Shelving location Date acquired Total Checkouts Full call number Barcode Date last seen Copy number Price effective from Koha item type
    Dewey Decimal Classification     London London News article 29/06/2004   WB4025-10 126625-1001 06/08/2019 1 06/08/2019 News article